000 00334nam a22001217a 4500
008 230619b xxu||||| |||| 00| 0 eng d
020 _a0195060296
082 _a305.89
_bFAR
245 _aThe Color Line and the Quality of Life in America
260 _aNew York
_bRussell Sage Foundation
_c1987
300 _aXXIII,493p
942 _2ddc
_cBK
999 _c1425
_d1425